000 01075cab a22002294i 4500
001 768714001
003 CO-MdFUSB
005 20230111124410.0
008 161116s2005 gt ||||| |||| 00| 0 spa d
022 _a1014-9341
040 _aCO-MdFUSB
_bspa
_cCO-MdFUSB
_dCO-MdFUSB
041 _aspa
100 1 _aSuazo J., David
_eautor
245 1 3 _aEl poder de la verdad para transformar culturas :
_bel evangelio transforma a individuos, estructuras y sociedades (Hechos 16: 11-40)
_c/ Lic. David Suazo
300 _aNúmero 37 (Julio - Diciembre, 2005), páginas 97-110
_c; 22 cm
520 _aHechos 16:11-40 muestra que el Evangelio transforma individuos, estructuras y sociedades... La proclamación del Evangelio hoy debe transformar nuestras culturas de manera similar.
650 0 _aEvangelización
_9362
653 _aNuevo Testamento -- Hechos
773 0 _tKairós
_049489
_961223
_gNúmero 37 (Julio - Diciembre, 2005), páginas 97-110
_qPágina 97
773 0 _tKairós
_049489
_981358
_gNúmero 37 (Julio - Diciembre, 2005), páginas 97-110
_qPágina 97
942 _cANA
999 _c61453
_d61453